| 000 | 01313nam2a22002531 4500 | ||
|---|---|---|---|
| 001 | rc\3288701 | ||
| 005 | 20250609173757.0 | ||
| 021 |
_aRU _bРг9430-76 |
||
| 021 |
_aRU _b76-ОКЭ-96/19 |
||
| 035 | _a(NLR Aleph) 007402016 | ||
| 090 |
_a6722718 _c6722718 |
||
| 100 | _a20130115d1975 |||y0rusy50 ca | ||
| 101 | 0 | _arus | |
| 102 | _aRU | ||
| 105 | _aa z ||||| | ||
| 200 | 1 |
_aАлгебра Буля _eЛогический синтез ФАВ и переключательных схем |
|
| 210 |
_d1975 _aБ. м. |
||
| 215 |
_a157 с. _cил. _d20 |
||
| 461 | 0 |
_1001rc\3288698 _12001#$aМатематическая логика$e(Конспект лекций для студентов специальностей 0608, 0646, 0647)$eВып. 1-$fАлт. политехн. ин-т им. И.И. Ползунова$vВып. 3 _1700#1$aШукис$bА.А.$gАльгерд Александрович _96722690 _aШукис, А.А. _cБарнаул _d1973 _fАлт. политехн. ин-т им. И.И. Ползунова _nБ. и. _o(Конспект лекций для студентов специальностей 0608, 0646, 0647) : Вып. 1- _tМатематическая логика _vВып. 3 |
|
| 801 | 0 |
_aRU _bNLR _gpsbo |
|
| 801 | 1 |
_aRU _bELAR _2rusmarc |
|
| 852 |
_aNLR _j73-3/5462 |
||
| 942 | _cBOOK | ||
| 980 | _aNB | ||